000 00468 a2200169 4500
005 20250626164356.0
020 _a10-0-07-322357-3
082 _a658 JON
100 _aJONES,G. R.
111 _a658 JON
245 _aEssentials of contemporary management.
250 _a2nd Ed.
260 _aBoston,
_bMcGraw-Hill Irwin,
_c2007.
300 _axxii, 594p.: ill.; figure, picture
_bBibliography, Glossary & Index
_c25cm.
700 _aJENNIFER, M .G.
942 _2ddc
_cBKS
999 _c4394
_d4394